Psiquiatría General y Especial /

El autor da una visión general de la psicopatología psiquiátrica, los principales sintomas psíquicos y los diferentes tipos de trastornos, así como describe las areas específicas dentro de la Psiquiatría y algunas formas de tratamiento.

Na minha lista:
Detalhes bibliográficos
Autor principal: Reichardt, M. (autor)
Formato: Livro
Idioma:espanhol
Assuntos:
Tags: Adicionar Tag
Sem tags, seja o primeiro a adicionar uma tag!

MARC

LEADER 00000nam^a2200000^a^4500
001 000069344
005 20250521000000.0
009 20260310091401.239
037 |a Acervo ITESO - Biblioteca 
041 |a ESP 
082 |a 616. 89  |b REI 
100 |a Reichardt, M.  |e (autor) 
245 1 0 |a Psiquiatría General y Especial /  |c M, Reichardt ; pról. de J.J. López Ibor ; tr. por F.J. Morales Belda. 
264 |a Madrid, España :  |b Gredos,  |c 1958 
300 |a 622 p. 
336 |a texto  |b txt  |2 rdacontenido 
337 |a sin mediación  |b n  |2 rdamedio 
338 |a volumen  |b nc  |2 rdasoporte 
500 |a Traducción de: Allgemeine und Spezielle Pschiatrie 
520 |a El autor da una visión general de la psicopatología psiquiátrica, los principales sintomas psíquicos y los diferentes tipos de trastornos, así como describe las areas específicas dentro de la Psiquiatría y algunas formas de tratamiento. 
649 |a XX 
650 |a Psiquiatría 
650 |a Psiquiatría 
910 |a Fondo Armando Suárez Gómez 
920 |a Impresos - Libros 
930 |a Fondos Especiales 
905 |a 111 
901 |a 0700005401  |b IT2  |c ESP  |u 20250521 
902 |a https://opac.biblio.iteso.mx/vufind/Record/000069344